000 amm a22 a 4500
999 _c323732
_d323732
003 BLK
005 20201007040450.0
008 181016b bu ||||| |||| 00| 0 bu d
040 _aBLK
041 _aBUL
_cBUL
080 _aНародна медицина. Лечение с домашни средства
_b615.89
_x(497.2)(092)(047.53)(086.76)
_z615.89(497.2)(092)(047.53)(086.76)
080 _aБългарски народен лечител
_b929 Димков, Петър Иванов
_z929 Димков, Петър Иванов
100 _aДимков, Петър Иванов
_eпърви автор
_91299
139 _aДимков, Петър Иванов
_bД 59
245 _aОткровения
_b [Звукозапис]
_cПетър Димков ; [интервюиращ Магдалена Асенова]
257 _aBGR
260 _c2010
_9210881
_aСофия
_bИзток-Запад
300 _a1 оптичен диск (CD-ROM) (2 ч, 28 мин, 25 сек) : стерео
_c12 см
380 _a61
500 _aИзточник: Етикет. - Името на интервюиращото лице установено от доп. източник. - Звукозаписът се разпространява с кн. със загл. Откровено. - МК 54846 / 16.03.2010
852 _aЦб CD 4470
_bЦб
942 _cCDD
_2udc
_n0
999 _d323732